Miasta Pomorza - Statystyki

Ogólne statystyki
  • Ten quiz został rozwiązany 152 razy
    131 od ostatniego zresetowania
  • Średni wynik to 12 z 22
Statystyki odpowiedzi
Miasto Ludność % Poprawnych
Gdańsk 486 345
100%
Gdynia 242 874
100%
Sopot 32 276
86%
Słupsk 86 365
82%
Szczecin 391 566
75%
Wejherowo 46 446
69%
Koszalin 104 239
68%
Kołobrzeg 43 678
65%
Tczew 57 394
60%
Rumia 52 634
59%
Lębork 34 157
58%
Toruń 195 690
52%
Chojnice 38 934
51%
Reda 28 506
48%
Stargard 66 926
48%
Starogard Gdański 45 626
46%
Świnoujście 39 368
44%
Pruszcz Gdański 32 031
36%
Grudziądz 89 450
33%
Szczecinek 37 899
28%
Police 30 020
27%
Brodnica 28 429
6%
Nie znaleziono quizów pasujących do podanych kryteriów
Rozkład punktacji
Procent ludzi z każdym wynikiem
Percentyl według liczby udzielonych odpowiedzi
Twoja historia wyników
Nie rozwiązałeś tego quizu od ostatniego zresetowania